Todos los sitios mencionados en Génesis (O Casi) - Estadísticas

Estadísticas generales
  • Esta prueba ha sido intentada 25 veces
  • La puntuación promedio es 6 de 70
Respuestas en el mapa
Las respuestas están codificadas por una escala verde-roja en el mapa de la prueba según el % correcto abajo.
 
Estadísticas de respuestas
Tipo Sitio % Correcto
Región / País Egipto
71%
Ciudades y Lugares Babel /Babilonia
57%
Región / País Canaán
57%
Ciudades y Lugares Efrata / Migdal Eder / Belén
57%
Paraíso / Jardín Edén / Posible localización
50%
Ciudades y Lugares Gomorra
36%
Ciudades y Lugares Sodoma
36%
Región / País Asiria
21%
Ciudades y Lugares Damasco
21%
Ciudades y Lugares Hebrón / Kariath-Arba
21%
Región / País Caldea
14%
Región / País Elam
14%
Ciudades y Lugares Hai / Ay
14%
Ciudades y Lugares Soar / Bela
14%
Ciudades y Lugares Ur
14%
Ciudades y Lugares Adma
7%
Ciudades y Lugares Beerseba / Shiba
7%
Ciudades y Lugares Calaj
7%
Ciudades y Lugares Elasar
7%
Ciudades y Lugares Erec
7%
Región / País Galaad
7%
Ciudades y Lugares Harán / Paddan Aram
7%
Ciudades y Lugares Ninive
7%
Región / País Seír / Edom
7%
Ciudades y Lugares Sidón
7%
Región / País Sinar
7%
Ciudades y Lugares Adulam
0%
Región / País Amón
0%
Región / País Aram Naharaim
0%
Ciudades y Lugares Astarot-Carnaim
0%
Ciudades y Lugares Beer-Lajai-Rod / Bered / Cades-Barnea / En-Mispat
0%
Ciudades y Lugares Betel / Luz / Allon Bacuth
0%
Ciudades y Lugares Bozrá / Avith / Masrekah / Pau
0%
Ciudades y Lugares Calné
0%
Ciudades y Lugares Cueva de Machpelá
0%
Región / País Cus
0%
Ciudades y Lugares Dan
0%
Ciudades y Lugares Dinhaba
0%
Ciudades y Lugares Dotán
0%
Ciudades y Lugares El Parán
0%
Ciudades y Lugares Gaza
0%
Ciudades y Lugares Gerar / Esek / Sitnah
0%
Región / País Gosén
0%
Región / País Havilá
0%
Ciudades y Lugares Hazazón Tamar
0%
Ciudades y Lugares Hoba
0%
Ciudades y Lugares Jegar Sahadathu / Galeed / Mizpah
0%
Ciudades y Lugares Kezib
0%
Ciudades y Lugares Lasa
0%
Región / País Madián
0%
Ciudades y Lugares Mahanaim
0%
Ciudades y Lugares Mamré
0%
Ciudades y Lugares Mesha
0%
Región / País Moab
0%
Ciudades y Lugares Morehá
0%
Ciudades y Lugares Nacor / Nahor
0%
Región / País Néguev
0%
Ciudades y Lugares On / Heliópolis
0%
Ciudades y Lugares Peniel / Penuel
0%
Ciudades y Lugares Ramesés
0%
Ciudades y Lugares Rejobot / Rehoboth
0%
Ciudades y Lugares Resén
0%
Ciudades y Lugares Salem
0%
Ciudades y Lugares Seboím
0%
Ciudades y Lugares Sefar
0%
Región / País Shur
0%
Ciudades y Lugares Sucot
0%
Ciudades y Lugares Timná / Enaim
0%
Región / País Valle del Jordán
0%
Ciudades y Lugares Valle de Sidim
0%
No se encontraron pruebas coincidentes
Distribución de puntuación
Porcentaje de gente con cada puntuación
Porcentaje por número respondido
Historial de tus puntuaciones
No has intentado esta prueba.